000 00617nam a2200193Ia 4500
003 GCL
008 140319s9999 xx 000 0 ara d
040 _aGCL /
_cGCL
082 0 4 _a810.976
_bز ا
100 1 _aزبيد احمد
245 1 0 _aالاداب العربية فى شبه القارة الهندية /
_cزبيد احمد
700 1 _aعبدالمقصود محمد شلقامى
300 _a451 ص
490 _aالهيئة العامة للاستعلامات
_v0
650 0 4 _aالادب العربى
650 0 4 _aالادب
650 0 4 _aالادب العربى - الهند
942 _2ddc
_cBK
999 _c49458
_d49458